[Event "Napoli Spring Cup 1st"]
[Site "Napoli"]
[Date "2017.03.16"]
[Round "2"]
[White "Carfora, Riccardo"]
[Black "Esposito, Luigi"]
[Result "1-0"]
[WhiteElo "1737"]
[BlackElo "1348"]
[PlyCount "71"]
[EventDate "2017.03.09"]
[EventType "swiss"]
[EventRounds "6"]
[EventCountry "ITA"]
[SourceTitle "EXT 2018"]
[Source "ChessBase"]
[SourceDate "2017.10.13"]
[SourceVersion "1"]
[SourceVersionDate "2017.10.13"]
[SourceQuality "1"]

1. d4 Nf6 2. c4 c5 3. d5 b5 4. b3 bxc4 5. bxc4 d6 6. Nc3 g6 7. Bb2 Bg7 8. e3 0-0 9. Bd3 Nbd7 10. Nge2 Ba6 11. Qa4 Qb6 12. Rb1 Ne5 13. Bc2 Bxc4 14. 0-0 Qc7 15. f4 Nd3 16. Ba3 Rfb8 17. Qxc4 Nxf4 18. Rxb8+ Rxb8 19. exf4 Qa5 20. Qa4 Qc7 21. Rb1 Ra8 22. Qc6 Rc8 23. Qxc7 Rxc7 24. Rb8+ Bf8 25. Ba4 Kg7 26. Bc6 e6 27. Nb5 Re7 28. Nxd6 exd5 29. Ne8+ Nxe8 30. Rxe8 Rc7 31. Bxd5 Rd7 32. Bb2+ f6 33. Nc3 Bd6 34. g3 f5 35. Bc6 Rf7 36. Nb5+ 1-0